| 000 | 00525nam a22001931a 4500 | ||
|---|---|---|---|
| 001 | 1200 | ||
| 003 | OSt | ||
| 005 | 20260204211725.0 | ||
| 008 | 040117s2000||||dr ||||||b||||||||||spa|| | ||
| 050 | _aRD 372.83 N228e | ||
| 082 | _aRD372.83 N228e | ||
| 100 | _aNavarro Tavares, Luisa | ||
| 245 | _aEstrategias de intervención docente en ciencias sociales / Luisa Navarro | ||
| 264 | _aSanto Domingo : SEEC | ||
| 300 | _a137 p. | ||
| 500 | _aIncluye indice. | ||
| 650 | _a1.Educación-Ciencias SocialesÌ | ||
| 942 |
_2ddc _cBK |
||
| 999 |
_c1200 _d1200 |
||